| 000 | 00668nam a2200205 i 4500 | ||
|---|---|---|---|
| 001 | 52608 | ||
| 003 | ES-MaACL | ||
| 007 | t| | ||
| 008 | 030901s1980 sp ||||1| spa d | ||
| 100 | 1 |
_aDavis, Ralph. _942984 |
|
| 245 | 1 | 3 |
_aLa Europa atlántica _b: desde los descubrimientos hasta la industrialización / _cRalph Davis ; [traducción de Pablo Recondo]. |
| 250 | _a[3ª ed.]. | ||
| 260 |
_a[Madrid] : _bSiglo Veintiuno, _c[1980] |
||
| 300 |
_a381 p. ; _c21 cm. |
||
| 490 | 1 | _aHistoria económica mundial | |
| 700 | 1 |
_aRecondo, Pablo. _995781 |
|
| 830 | 0 |
_aHistoria económica mundial _9182631 |
|
| 852 |
_aES-MaACL _jL-4497 _bR.105235 |
||
| 999 |
_c52608 _d52608 |
||